000 00671nam a2200181Ia 4500
008 090124s9999 xx 000 0 und d
082 _b28156
_a7083
100 _aबिनीवाले अविनाश
245 _a बोमदिला (युध्दावरील प्रसंग)
250 _a1
260 _c1995
300 _a149
600 _aबिनीवाले अविनाश
630 _a बोमदिला (युध्दावरील प्रसंग)
700 _aबिनीवाले अविनाश
730 _a बोमदिला (युध्दावरील प्रसंग)
942 _cBOOK
999 _c141618
_d141618